000 00622nam a22001811 4500
001 69230
003 ES-MaACL
005 20230906170452.0
007 t|
008 040921s1910 sp ||||0| spa d
016 7 _zIND9200510478
040 _aM-BN
_bspa
_cA2
100 1 _aL'Hotellerie Falloise, Manuel de.
_9149377
245 1 3 _aLa mejor venganza
_b: comedia dramática en un acto y tres cuadros, en prosa /
_coriginal de Manuel de L'hotellerie.
260 _aMadrid :
_bSociedad de Autores Españoles,
_c1910.
300 _a30 p. :
_bretr. ;
_c22 cm.
852 _aES-MaACL
_jT-1219-F-12
_q. - Ded. autógr. del autor
999 _c69230
_d69230